| 000 | 00542nam a22002051 4500 | ||
|---|---|---|---|
| 001 | bimo0000636653 | ||
| 003 | OSt | ||
| 005 | 20160411164414.0 | ||
| 008 | 900725s1972 sp spa | ||
| 040 | _cBMC | ||
| 082 | _a864.56 | ||
| 100 | 0 | 0 |
_aAzorín _d1873-1967 _925 |
| 245 | 1 | 0 |
_aVisión de España _cAzorín ; páginas escogidas por Erly Danieri |
| 250 | _a12ª ed | ||
| 260 | 0 |
_aMadrid _bEspasa-Calpe _c1972 |
|
| 300 |
_a152 p. _c18 cm |
||
| 490 | 0 |
_aAustral _v226 |
|
| 700 | 1 | 1 |
_9153 _aDanieri, Erly |
| 942 |
_2ddc _cBK _hprozim |
||
| 999 |
_c164 _d164 |
||